MDQL
is popping MORE tags! Check the
thread
!
Quizzes
Events
Quiz Creation
Community
Videos
Private Events
Remove Ads
Sign In
Join for FREE
Feedback
Dark Mode
Quiz Categories
Sports
Geography
Music
Movies
Television
Just For Fun
Miscellaneous
History
Literature
Language
Science
Gaming
Entertainment
Religion
Holiday
For Kids
Quiz Lab
Recent
Popular Today
Quiz Kudos Today
Editor Picks
Curator Picks
Quizzes by...
Day
Popularity
Type
Ratings
Length
Year
Community
Subscriptions
Recent Discussions
Orange Saloon
Badges
Playlists
Quests
Create
Leaderboards
Showdown
Live 5
Trivia Bingo
Activity
Puzzle Library
Sporcle Events
Private Events
Virtual Trivia
Globe League
Become a Host
Pub Owners
SporcleCon
Opinionation
Our Games
Videos
Blog
Mobile Apps
Partnerships
Remove Ads and Go Orange
Feedback
Geography
Country
Landmarks
City
State
Population
World
Capital
Continent
Flags
Europe
Africa
Asia
South America
North America
Oceania
Border
Canada
United Kingdom
Topography
United States
Geography
Country
Landmarks
City
State
Population
World
Capital
Continent
Flags
Europe
Africa
Asia
South America
North America
Oceania
Border
Canada
United Kingdom
Topography
United States
Random Quiz
Search Sporcle
×
Quiz Lab
Quiz Lab
Geography
harbor
Type in answers that appear in a list
Type in answers that appear in a list
Classic
Best Score? Go Orange.
Main Bays of Maine Stats
Can you name the Main Bays of Maine?
By
quesera
10m
33 Questions
64 Plays
64 Plays
64 Plays
Comments
Comments
Give Quiz Kudos
Give Quiz Kudos
-
- Ratings
hide this ad
Replay
Link that replays current quiz
Next Quiz
Link to next quiz in quiz playlist
You Got
0%
They Got
Avg Score
35%
Avg Friend Score
Upgrade to see
Score Distribution
Jump to the score distribution portion of the page
Score
0/33
Timer
10:00
0
Plays Today
Harbors etc.
Bay
% Correct
Portland
Casco Bay
82.8%
Rockland
West Penebscot Bay
75%
Castine Harbor
East Penobscot Bay
75%
Boothbay Harbor
Booth Bay (including Linekin Bay)
64.1%
Bar Harbor
Frenchman Bay (including Eastern Bay and Flanders Bay)
57.8%
Scarborough
Saco Bay
46.9%
George's Harbor
Muscongus Bay
42.2%
Belfast
Belfast Bay
35.9%
Mistake Harbor
Eastern Bay
35.9%
Bucks Harbor
Machias Bay (including Holmes and Little Bay)
35.9%
Cutler Harbor
Bay of Fundy
35.9%
Hendricks Harbor
Sheepscot Bay
34.4%
Hannahs Cove
Western Bay
34.4%
Seal Cove
Blue Hill Bay (including Morgan Bay)
32.8%
Cape Walsh
Little Machias Bay
32.8%
Curtis Cove
Middle Bay (including Merepoint and Maquoit Bays)
32.8%
Bethel Point
Quahog Bay
32.8%
Harbors etc.
Bay
% Correct
Pemaquid
Johns Bay
31.3%
Roque Island Harbor
Englishman Bay
31.3%
Buckle Island Harbor
Jericho Bay
29.7%
Winter Harbor
Isle au Haut Bay
26.6%
Stanley Cove
Dyer Bay
25%
Little Bois Bubert Harbor
Pigeon Hill Bay
25%
Bare Cove
Little Kennebec Bay
25%
Contention Cove
Union River Bay (including Patten Bay) and Western Bay
25%
Burnt Coat Harbor
Toothacher Bay
23.4%
Jonesport
Alley Bay
23.4%
Patten Cove
Chandler Bay
23.4%
Clark's Cove
Wheeler Bay and Rackliff Bay
21.9%
Smith Cove
Narraguagus Bay
21.9%
Marsh Harbor
Pleasant Bay and Harrington Bay (including Back, and Flat Bays)
21.9%
Long Mill Cove
Gouldsboro Bay (including West and Joy Bay)
18.8%
Carrying Place Cove
Wohoa Bay
18.8%
Quiz Playlist
Details
Report
Send in Message
Add To Playlist
Classic:
Type in answers that appear in a list
Quiz Source
Last Updated: Feb 16, 2017
Quiz Scoreboard
CHALLENGE
Sign Up to Join the Scoreboard
Show All
Scores
Hide
Comments
May contain spoilers
Recently Published
1-10 Letter E Words III
by El_Dandy
Language
2m
Street Fighter Characters
by Artimus82
Gaming
60s
College Basketball Coaching Resumes
by pancakes188
Sports
9m
More to Explore
Quiz From the Vault
Featured Blog Post
Where Did the Easter Bunny Come From?
hide this ad
You Might Also Like...
Tags
Bay
etc
harbor
maine
Today's Top Quizzes in Geography
Browse Geography
hide this ad
Today's Top Quizzes in harbor
Browse harbor
Top Contributed Quizzes in Geography
1
Countries of the World - No Outlines Minefield
2
Top 25 Cities of France on a map
3
Any capital of a 'B' country per Continent
4
Any capital of a 'C' country per Continent
5
Closest Countries to UK A-Z
6
Any capital of a 'D' country per Continent
7
5-to-1: US Geography No Hints
8
Any capital of an 'E' country per Continent
9
Find the US States - No Outlines
10
Any capital of an 'F' country per Continent
Explore More
Trending Topics
Disney
NBA
Marvel
Crossword
Kpop
Harry Potter
Anime
The Office
WWE
Song
NFL
Country
Puzzle
Pokémon
Soccer
hide this ad
More By:
quesera
Quiz
Plays
Rating
Category
Featured
Created
Neighborhoods of Boston (map)
214
4.00
Geography
Apr 30, 2012
Boston Area Towns (map)
100
1.00
Geography
May 1, 2012
Islands of the Canadian Arctic (map)
92
5.00
Geography
Nov 29, 2014
US Senators, 2015
83
History
Dec 7, 2014
Main Bays of Maine
64
Geography
Dec 7, 2009
Go to Creator's Profile
Score Distribution
Quiz Creator Spotlight
quesera
Follow
Send a Message
Quizzes Created
-
Created Quiz Play Count
-
More By This Creator
Popular Quizzes Today
1
Find the US States - No Outlines Minefield
2
Find the Countries of Europe - No Outlines Minefield
3
The Countries of the World
4
Find the US States
5
Risky Map Clicking: Biggest States A-Z
6
US States
7
Popular People in 1961
8
Movies - When Are They Set?
More Geography Quizzes
Go with the Flow: US States
Published
Trending Quizzes
Risky Map Clicking: Least Populous States A-Z
1-10 Letter G Words
USA Borders Longest to Shortest
1-10 Letter F Words
Countries of the World: 200 Million BC
Recently Updated
Leaping Animals
pecheneg
Reality TV Shows (A-Z)
bhenderson79
Rickey Henderson's Hall of Fame Teammates
pecheneg
Champions League XIs: Arsenal
pecheneg
Quick Pick: Celebrities in WWE's Hall of Fame
aduchscher
A-Z Keypad Blitz II
pecheneg
Multiple Oscar Actors
pecheneg
Mystery Phrase Blitz: Oscar 'Best Actors'
pecheneg
F. Scott Fitzgerald Novels
LTH
Pick 3 Villains
ddd62291
Trending Topics
Marvel
Anime
Crossword
NBA
Harry Potter
Kpop
Disney
Country
Pokémon
The Office
Soccer
NFL
Song
WWE
Puzzle
Your Account Isn't Verified!
In order to create a playlist on Sporcle, you need to verify the email address you used during registration. Go to your
Sporcle Settings
to finish the process.
Report this User
Report this user for behavior that violates our
Community Guidelines
.
Details:
Send Report
Go to the Sporcle.com Mobile Site →
Comments